=LDR 00000nam 2200000 4500 =001 INLIS000000000031174 =005 20130612133248 =008 ***********************************Ind** =035 ##$$0010-061300000031174 =041 ##$$a Ind =082 ##$$a 650.1 =090 ##$$a 650.1, Lee s =100 ##$$a Lee, Jacky =245 ##$$a 1001 kunci sederhana mengembangkan bisnis dari rumah, Jacky Lee; penyunting Ina =260 ##$$a 2009 $b Yogyakarta =300 ##$$a 127 hlm, ilus, 16 cm =650 ##$$a bisnis sukses =850 ##$$a NBPNMAT